000 00482nam a22001697a 4500
003 OSt
005 20260318155427.0
008 260318b |||||||| |||| 00| 0 pun d
020 _a978817599332
040 _cBGL
100 _aਮਾਧੋਪੁਰੀ ਬਲਬੀਰ
245 _aਬਹਾਪਾ ਪ੍ਰੀਤਮ ਸ਼ਿੰਘ ਯਾਦਗਾਰੀ ਭਾਸ਼ਣ
260 _aDelhi
_bNavyug Publishers
_c2017
300 _a284p
650 _aPunjabi
942 _2ddc
_cGB
999 _c44307
_d44307